10 Biggest Cities in East Timor - Statistics

General Stats
  • This quiz has been taken 7 times
  • The average score is 4 of 10
Answer Stats
Population Cities % Correct
150,000 Dili
100%
16,000 Baucau
57%
17,186 Lospalos
57%
21,539 Suai
57%
22,000 Maliana
43%
16,000 Venilale
43%
17,356 Aileu
29%
12,000 Ainaro
29%
19,000 Likisá
14%
16,300 Maubara
14%
No matching quizzes found
Score Distribution
Percent of People with Each Score
Percentile by Number Answered
Your Score History
You have not taken this quiz